| 000 | 00680nam a2200217Ia 4500 | ||
|---|---|---|---|
| 008 | 191119s9999 xx 000 0 und d | ||
| 020 | _a978-971-98-1183-1 | ||
| 050 | _aFIL GT 3405 | ||
| 050 | _b.P45 2019 | ||
| 100 | _aPhilippine M.I.C.E Academy. | ||
| 245 | 0 | _aProfessional event management : | |
| 245 | 2 | _ba guide to meetings, incentives, conventions, exhibitions and events / | |
| 260 | _aPhilippines : | ||
| 260 | _bC&E Publishing, | ||
| 260 | _c2019 | ||
| 300 | _a190 pages : | ||
| 300 | _billustrations ; | ||
| 300 | _c26 cm. | ||
| 500 | _aIncludes bibliographic references and index. | ||
| 650 | _aSpecial events -- Management -- Problems, exercises, etc. | ||
| 999 |
_c363083 _d363083 |
||